000 01435cam a2200337 a 4500
001 EDZ0000071554
003 StDuBDS
005 20161031105205.0
006 m||||||||d||||||||
007 cr |||||||||||
008 120405s2005 cau fo| 001|0|eng d
020 _a9781452204598 (ebook) :
_cNo price
040 _aStDuBDS
_beng
_cStDuBDS
_epn
049 _aAlfaisal Main Library
050 0 _aRA785
_b.L55 2005
082 0 4 _a616.98
_223
100 1 _aLinden, Wolfgang,
_cDr.
245 1 0 _aStress management
_h[electronic resource] :
_bfrom basic science to better practice /
_cWolfgang Linden.
260 _aThousand Oaks, Calif. ;
_aLondon :
_bSAGE,
_c2005.
300 _a1 online resource (xiii, 218 p.)
504 _aIncludes bibliographical references and indexes.
520 8 _aDr Linden examines documented pathways between stress & health & develops the scientific foundations for sound interventions. He begins with a broad review of the term 'stress' & its importance for health before providing a critical examination of the elements of the stress process.
521 _aSpecialized.
588 _aDescription based on print version record.
650 0 _aStress management.
655 7 _aElectronic books.
_2local
710 2 _aSage eBooks
776 0 8 _iPrint version :
_z9780761929468
856 4 0 _uhttp://ezproxy.alfaisal.edu/login?url=http://sk.sagepub.com/books/stress-management
942 _2lcc
_cEBOOKS
999 _c481332
_d481332